Vista normal
Vista MARC
Entrada Genre/Form Term
Número de registros utilizados en: 2
001 - CONTROL NUMBER
- control field: 63317
003 - CONTROL NUMBER IDENTIFIER
- control field: OSt
005 - DATE AND TIME OF LATEST TRANSACTION
- control field: 20250822223129.0
008 - FIXED-LENGTH DATA ELEMENTS
- fixed length control field: 250822|| aca||aabn | a|a d
040 ## - CATALOGING SOURCE
- Original cataloging agency: OSt
- Transcribing agency: OSt
155 ## - HEADING--GENRE/FORM TERM
- Genre/form term: Relatos personales
670 ## - SOURCE DATA FOUND
- Source citation: Work cat.: (OSt)58485: Molano Bravo, Alfredo, 1944- aut, Del Llano llano /